| 000 | 00738nas a2200229 4500 | ||
|---|---|---|---|
| 001 | BR5400336 | ||
| 003 | BR-BrBNA | ||
| 005 | 20231205081949.0 | ||
| 007 | ta | ||
| 008 | 230509b bl.|||p| |||| 00| 00por d | ||
| 040 |
_aBR-BrBNA _bpor _cBiblioteca Nacional de Agricultura |
||
| 041 | _a(Pt) | ||
| 072 | _aH10 | ||
| 100 | 1 | _aLavigne, G.L. | |
| 245 | 1 | _aPilocrocis infuscalis guennee, 1854 (Lepidoptera, Pyraustidae)praga do tomateiro (Solanum lycopersicum)na Bahia - Brasil | |
| 650 | _aTOMATE | ||
| 650 | _aLEPIDOPTERO | ||
| 650 | _aBAHIA | ||
| 773 | 0 |
_tBoletim do Instituto Biologico da Bahia (Brazil) _xISSN 0020-3641 _g(1957-1959), v. 4(1) p. 19-26 _wBR5400336 |
|
| 909 |
_a202311 _bLúcia _c55 _dLúcia Elande |
||
| 942 |
_2AGRIS _n0 _cANA |
||
| 999 |
_c88178 _d88178 |
||